000 00447nam a22001697a 4500
003 PILC
005 20160129113344.0
008 130918t xxu||||| |||| 00| 0 eng d
050 _aPS 3525
_b.M367 1969
082 _aFIC
_bM35l 1969
100 _aMarshall, Mel
_920829
245 _aLonghorns north
_cMarshall, Mel
260 _aCanada :
_bBallantine Books, Inc,
_cc1969.
300 _a153 p. :
_c18 cm.
942 _2lcc
_cBK
999 _c11649
_d11649